[Event "AUT-chT2W 2223"]
[Site "Austria"]
[Date "2023.01.22"]
[Round "8.1"]
[White "Doric, Darko"]
[Black "Schmidlechner, Alexander"]
[Result "1/2-1/2"]
[WhiteElo "2457"]
[BlackElo "2168"]
[PlyCount "97"]
[EventDate "2022.09.23"]
[EventType "team-tourn"]
[EventRounds "11"]
[EventCountry "AUT"]
[SourceTitle "CBM 213 Extra"]
[Source "ChessBase"]
[SourceDate "2023.05.31"]
[SourceVersion "1"]
[SourceVersionDate "2023.05.31"]
[SourceQuality "1"]
[WhiteTeam "Absam"]
[BlackTeam "Lustenau"]
[WhiteTeamCountry "AUT"]
[BlackTeamCountry "AUT"]

1. d4 d5 2. c4 e6 3. Nc3 Nf6 4. cxd5 exd5 5. Bg5 Be7 6. e3 0-0 7. Bd3 Re8 8. Nge2 c6 9. Qc2 Nbd7 10. 0-0 Nf8 11. f3 h6 12. Bh4 Ne6 13. Kh1 b5 14. Bf2 Bb7 15. e4 a6 16. Rad1 Rc8 17. e5 Nd7 18. f4 c5 19. Qd2 c4 20. Bb1 b4 21. Na4 Bc6 22. b3 Bb5 23. Be3 Ndf8 24. f5 c3 25. Qc2 Ng5 26. Bxg5 Bxg5 27. Rf3 Bd2 28. Nf4 Qh4 29. g3 Qg4 30. Kg2 Bxf4 31. Rxf4 Qe2+ 32. Qxe2 Bxe2 33. Rc1 Nd7 34. e6 Nf6 35. Nc5 a5 36. Re1 Bb5 37. Bc2 Rc7 38. h3 Rce7 39. Rf3 Bc6 40. Rfe3 fxe6 41. Nxe6 Bd7 42. Re5 Bc6 43. g4 Nd7 44. R5e3 Nf8 45. Kf2 Nxe6 46. fxe6 Ra8 47. h4 Rf8+ 48. Kg3 g5 49. Bf5 1/2-1/2

[Event "AUT-chT2W 2223"]
[Site "Austria"]
[Date "2022.11.13"]
[Round "5.3"]
[White "Lerch, Johannes"]
[Black "Schmidlechner, Alexander"]
[Result "1-0"]
[WhiteElo "2192"]
[BlackElo "2168"]
[PlyCount "93"]
[EventDate "2022.09.23"]
[EventType "team-tourn"]
[EventRounds "11"]
[EventCountry "AUT"]
[SourceTitle "CBM 213 Extra"]
[Source "ChessBase"]
[SourceDate "2023.05.31"]
[SourceVersion "1"]
[SourceVersionDate "2023.05.31"]
[SourceQuality "1"]
[WhiteTeam "Jenbach II"]
[BlackTeam "Lustenau"]
[WhiteTeamCountry "AUT"]
[BlackTeamCountry "AUT"]

1. e4 g6 2. d4 c6 3. Nf3 Bg7 4. Bd3 d5 5. exd5 cxd5 6. 0-0 Nf6 7. Re1 0-0 8. c3 Nc6 9. Nbd2 Qc7 10. Nf1 Bf5 11. Bxf5 gxf5 12. Ng3 e6 13. Ng5 Ne7 14. Nh5 Ng6 15. Nxf6+ Bxf6 16. Qh5 Bxg5 17. Bxg5 f6 18. Bh6 Rfe8 19. Re2 Re7 20. Rae1 Rae8 21. Re3 f4 22. R3e2 e5 23. h4 Qd7 24. dxe5 fxe5 25. Qg5 f3 26. Re3 e4 27. gxf3 Re5 28. Qg3 Kf7 29. fxe4 dxe4 30. Kh2 Rh5 31. Bg5 h6 32. Rxe4 Rxe4 33. Rxe4 Kg8 34. Qf3 Qd6+ 35. Kg1 Qc6 36. Qxh5 Qxe4 37. Bxh6 Qe1+ 38. Kg2 Qe4+ 39. Kh2 Nxh4 40. Qg5+ Kf7 41. Qf4+ Qxf4+ 42. Bxf4 Ng6 43. Kg3 Ne7 44. Kf3 Ke6 45. Ke4 Nd5 46. Be3 a6 47. Bd4 1-0

[Event "AUT-chT2W 2223"]
[Site "Austria"]
[Date "2022.11.12"]
[Round "4.1"]
[White "Schmidlechner, Alexander"]
[Black "Maras, Houssni"]
[Result "1-0"]
[WhiteElo "2168"]
[BlackElo "1999"]
[PlyCount "72"]
[EventDate "2022.09.23"]
[EventType "team-tourn"]
[EventRounds "11"]
[EventCountry "AUT"]
[SourceTitle "CBM 213 Extra"]
[Source "ChessBase"]
[SourceDate "2023.05.31"]
[SourceVersion "1"]
[SourceVersionDate "2023.05.31"]
[SourceQuality "1"]
[WhiteTeam "Lustenau"]
[BlackTeam "Pradl"]
[WhiteTeamCountry "AUT"]
[BlackTeamCountry "AUT"]

1. d4 Nf6 2. c4 g6 3. Nc3 Bg7 4. e4 d6 5. f3 Nbd7 6. Nge2 c5 7. d5 a6 8. a4 Ne5 9. Ng3 h5 10. Be2 h4 11. Nf1 Bh6 12. Bxh6 Rxh6 13. Ne3 Nh5 14. Qd2 Rh8 15. 0-0-0 Qa5 16. g3 Nf6 17. Rde1 Ned7 18. f4 b5 19. cxb5 axb5 20. Bxb5 Ba6 21. Bc6 0-0-0 22. Nc2 c4 23. Qd4 Nc5 24. Kb1 hxg3 25. hxg3 Rxh1 26. Rxh1 Nh5 27. Rg1 Kc7 28. e5 Qb6 29. Nb5+ Bxb5 30. Bxb5 dxe5 31. Qxc4 Rb8 32. Rc1 Nxg3 33. Nb4 Nge4 34. Ka2 Rc8 35. fxe5 Nd2 36. Qf4 Nde4 1-0

[Event "AUT-chT2W 2122"]
[Site "Austria"]
[Date "2022.06.05"]
[Round "8.3"]
[White "Schmidlechner, Alexander"]
[Black "Stajner, Samo"]
[Result "1/2-1/2"]
[WhiteElo "2162"]
[BlackElo "2354"]
[PlyCount "43"]
[EventDate "2021.10.15"]
[EventType "team-tourn"]
[EventRounds "11"]
[EventCountry "AUT"]
[SourceTitle "EXT 2023"]
[Source "ChessBase"]
[SourceDate "2022.10.05"]
[SourceVersion "1"]
[SourceVersionDate "2022.10.05"]
[SourceQuality "1"]
[WhiteTeam "Hoerbranz"]
[BlackTeam "Schwarzach"]
[WhiteTeamCountry "AUT"]
[BlackTeamCountry "AUT"]

1. d4 f5 2. Nf3 Nf6 3. c4 e6 4. Nc3 d5 5. Bf4 c6 6. e3 Nbd7 7. Bd3 Ne4 8. Qc2 Be7 9. 0-0-0 Qa5 10. cxd5 exd5 11. g4 Nxc3 12. bxc3 fxg4 13. Ng5 Nf8 14. Bxh7 Rxh7 15. Nxh7 Nxh7 16. Qg6+ Kd8 17. Qxh7 Qxc3+ 18. Kb1 Qb4+ 19. Ka1 Qc3+ 20. Kb1 Qb4+ 21. Ka1 Qc3+ 22. Kb1 1/2-1/2

[Event "AUT-chT2W 2122"]
[Site "Austria"]
[Date "2022.03.13"]
[Round "11.2"]
[White "Schmidlechner, Alexander"]
[Black "Hess, Max"]
[Result "0-1"]
[WhiteElo "2162"]
[BlackElo "2415"]
[PlyCount "48"]
[EventDate "2021.10.15"]
[EventType "team-tourn"]
[EventRounds "11"]
[EventCountry "AUT"]
[SourceTitle "EXT 2023"]
[Source "ChessBase"]
[SourceDate "2022.10.05"]
[SourceVersion "1"]
[SourceVersionDate "2022.10.05"]
[SourceQuality "1"]
[WhiteTeam "Hoerbranz"]
[BlackTeam "Schach ohne Grenzen"]
[WhiteTeamCountry "AUT"]
[BlackTeamCountry "AUT"]

1. d4 d5 2. c4 e6 3. Nc3 Nf6 4. Bg5 dxc4 5. e3 c5 6. dxc5 Qa5 7. Qa4+ Qxa4 8. Nxa4 Ne4 9. Bf4 b5 10. Nc3 Nxc3 11. bxc3 Bxc5 12. a4 b4 13. Bxc4 bxc3 14. Ne2 Ba6 15. Bxa6 Nxa6 16. 0-0 c2 17. Be5 0-0 18. Rfe1 Nb4 19. Bc3 Rac8 20. Kf1 Rfd8 21. g3 Bf8 22. Kg2 a5 23. f4 Rc4 24. Kf3 Rdc8 0-1

[Event "AUT-chT2W 2122"]
[Site "Austria"]
[Date "2022.03.11"]
[Round "9.4"]
[White "Schmidlechner, Alexander"]
[Black "Goldbeck, Lars"]
[Result "1/2-1/2"]
[WhiteElo "2162"]
[BlackElo "2200"]
[PlyCount "54"]
[EventDate "2021.10.15"]
[EventType "team-tourn"]
[EventRounds "11"]
[EventCountry "AUT"]
[SourceTitle "EXT 2023"]
[Source "ChessBase"]
[SourceDate "2022.10.05"]
[SourceVersion "1"]
[SourceVersionDate "2022.10.05"]
[SourceQuality "1"]
[WhiteTeam "Hoerbranz"]
[BlackTeam "Salzburg Royal"]
[WhiteTeamCountry "AUT"]
[BlackTeamCountry "AUT"]

1. d4 d5 2. c4 e6 3. Nc3 a6 4. cxd5 exd5 5. Bf4 c6 6. e3 Bd6 7. Bxd6 Qxd6 8. Bd3 Nf6 9. Qc2 0-0 10. Nf3 Be6 11. 0-0 Nbd7 12. Rab1 Nb6 13. Na4 Nxa4 14. Qxa4 Bg4 15. Ne5 c5 16. Qa3 b6 17. h3 Be6 18. Rbc1 Rfd8 19. b3 Ne4 20. Rfd1 a5 21. Qb2 Nf6 22. a4 Rdc8 23. Rc2 Rc7 24. Rdc1 Rac8 25. Qa3 Ne4 26. Qb2 Nf6 27. Qa3 Ne4 1/2-1/2

[Event "AUT-ch"]
[Site "Vienna"]
[Date "2018.07.29"]
[Round "9"]
[White "Wagner, Leopold Franziskus"]
[Black "Schmidlechner, Alexander"]
[Result "1/2-1/2"]
[WhiteElo "2108"]
[BlackElo "2226"]
[PlyCount "107"]
[EventDate "2018.07.22"]
[EventType "swiss"]
[EventRounds "9"]
[EventCountry "AUT"]
[SourceTitle "CBM 185 Extra"]
[Source "ChessBase"]
[SourceDate "2018.07.29"]
[SourceVersion "1"]
[SourceVersionDate "2018.07.29"]
[SourceQuality "1"]

1. e4 g6 2. Nf3 c6 3. d4 Bg7 4. Nbd2 d5 5. e5 Nh6 6. Nb3 0-0 7. h4 Bg4 8. Bxh6 Bxh6 9. Be2 Bg7 10. Ng5 Bxe2 11. Qxe2 e6 12. f4 h6 13. Nf3 Nd7 14. h5 c5 15. dxc5 Nxc5 16. Nxc5 Qa5+ 17. c3 Qxc5 18. Nd4 Qe7 19. hxg6 fxg6 20. Qg4 Rae8 21. g3 Qf7 22. Nb5 Bxe5 23. fxe5 Qf2+ 24. Kd1 Kh7 25. Qe2 Qxg3 26. Rf1 Rxf1+ 27. Qxf1 Kg8 28. Kc2 Qh2+ 29. Kb3 Qxe5 30. Re1 Qg7 31. Nxa7 g5 32. Nb5 Qg6 33. Qg2 Kg7 34. Nc7 Re7 35. Nxd5 Rf7 36. Nb4 g4 37. Re4 h5 38. Qe2 Rf6 39. Nd3 g3 40. Qg2 Qg5 41. Re5 Qg6 42. Re3 h4 43. Ne5 Qg5 44. Re2 Kg8 45. a4 Rf5 46. Qxb7 h3 47. Nf3 Rxf3 48. Qxf3 Qd5+ 49. Qxd5 exd5 50. Re3 g2 51. Rxh3 g1Q 52. Rd3 Qc5 53. Rd4 Kf7 54. Rb4 1/2-1/2

[Event "AUT-ch"]
[Site "Vienna"]
[Date "2018.07.24"]
[Round "4"]
[White "Schmidlechner, Alexander"]
[Black "Steiner, Adam"]
[Result "0-1"]
[WhiteElo "2226"]
[BlackElo "2174"]
[PlyCount "134"]
[EventDate "2018.07.22"]
[EventType "swiss"]
[EventRounds "9"]
[EventCountry "AUT"]
[SourceTitle "CBM 185 Extra"]
[Source "ChessBase"]
[SourceDate "2018.07.29"]
[SourceVersion "1"]
[SourceVersionDate "2018.07.29"]
[SourceQuality "1"]

1. Nf3 d5 2. e3 Nc6 3. b3 e5 4. Bb2 e4 5. Nd4 Nxd4 6. Bxd4 Nf6 7. Be2 Be7 8. d3 0-0 9. 0-0 Bf5 10. Nd2 Qd7 11. dxe4 dxe4 12. Nc4 Rad8 13. Qc1 c5 14. Bb2 Qe6 15. Rd1 Rxd1+ 16. Qxd1 Rd8 17. Qe1 b5 18. Nd2 Bd6 19. Bxb5 Bh3 20. Bf1 Qg4 21. Bxf6 gxf6 22. f4 exf3 23. Nxf3 Qh5 24. Rd1 Bg4 25. Rxd6 Rxd6 26. Qg3 Rd1 27. h3 f5 28. hxg4 Qxg4 29. Qxg4+ fxg4 30. Ne5 g3 31. Nd3 h5 32. Nxc5 Rd2 33. c4 Rxa2 34. b4 Kf8 35. b5 Ke7 36. Ne4 h4 37. Ng5 Rf2 38. c5 f6 39. Nh3 Rb2 40. Nf4 Kd7 41. Bd3 Ra2 42. Kf1 Kc7 43. Bf5 Kb8 44. Ke1 Rb2 45. Bd7 h3 46. Bxh3 Rxb5 47. Nd3 Kc7 48. Kd2 a5 49. Kc2 a4 50. Be6 a3 51. Bc4 Ra5 52. Kb1 Kc6 53. Ka2 Ra4 54. Bb3 Re4 55. Kxa3 Rxe3 56. Ba4+ Kd5 57. Bb5 f5 58. Kb4 Re4+ 59. Ka5 f4 60. c6 Kd6 61. Nc5 Re7 62. Kb6 f3 63. Ne4+ Rxe4 64. c7 fxg2 65. c8Q g1Q+ 66. Ka5 Qa7+ 67. Ba6 Qc5+ 0-1

[Event "AUT-ch"]
[Site "Vienna"]
[Date "2018.07.23"]
[Round "2"]
[White "Schmidlechner, Alexander"]
[Black "Stanec, Nikolaus"]
[Result "1/2-1/2"]
[WhiteElo "2226"]
[BlackElo "2465"]
[PlyCount "88"]
[EventDate "2018.07.22"]
[EventType "swiss"]
[EventRounds "9"]
[EventCountry "AUT"]
[SourceTitle "CBM 185 Extra"]
[Source "ChessBase"]
[SourceDate "2018.07.29"]
[SourceVersion "1"]
[SourceVersionDate "2018.07.29"]
[SourceQuality "1"]

1. d4 Nf6 2. c4 e6 3. Nf3 c5 4. e3 a6 5. Be2 d5 6. 0-0 Nc6 7. Nc3 Bd6 8. dxc5 Bxc5 9. b3 0-0 10. Bb2 Ba7 11. Rc1 Re8 12. Qd2 Qa5 13. a3 dxc4 14. Bxc4 Qh5 15. b4 Rd8 16. Qc2 e5 17. Ne4 Nxe4 18. Qxe4 Bf5 19. Qh4 Qxh4 20. Nxh4 Bd3 21. Bxd3 Rxd3 22. Rfd1 Rad8 23. Rxd3 Rxd3 24. Kf1 f6 25. Ke2 Rd7 26. Nf3 Kf7 27. Nd2 Ke6 28. Rc4 Ne7 29. Nb3 Nd5 30. Na5 Bb6 31. Nb3 g6 32. Rc8 Ne7 33. Rc4 Nf5 34. Rc8 Nd6 35. Rc1 Rc7 36. Rxc7 Bxc7 37. Nc5+ Kd5 38. Kd3 f5 39. h3 a5 40. Nd7 e4+ 41. Kc3 h5 42. Kb3 axb4 43. axb4 Bd8 44. Bf6 Bxf6 1/2-1/2

[Event "AUT-chT2W 1617"]
[Site "Austria"]
[Date "2016.11.26"]
[Round "5.2"]
[White "Schmidlechner, Alexander"]
[Black "Spornberger, Maximilian"]
[Result "1/2-1/2"]
[WhiteElo "2201"]
[BlackElo "2300"]
[PlyCount "73"]
[EventDate "2016.10.28"]
[EventType "team-tourn"]
[EventRounds "11"]
[EventCountry "AUT"]
[SourceTitle "CBM 177 Extra"]
[Source "ChessBase"]
[SourceDate "2017.04.27"]
[SourceVersion "1"]
[SourceVersionDate "2017.04.27"]
[SourceQuality "1"]
[WhiteTeam "Dornbirn"]
[BlackTeam "Rochade Rum"]
[WhiteTeamCountry "AUT"]
[BlackTeamCountry "AUT"]

1. d4 g6 2. e4 Bg7 3. Nc3 d6 4. g3 Nc6 5. Be3 e5 6. d5 Nce7 7. Bg2 f5 8. exf5 Nxf5 9. Bc1 Nf6 10. Nf3 0-0 11. 0-0 h6 12. Re1 Qe8 13. Nd2 Qf7 14. Nde4 Bd7 15. Nxf6+ Qxf6 16. Ne4 Qf7 17. Be3 Nxe3 18. fxe3 h5 19. Rf1 Qe7 20. h4 Bh6 21. Qe2 Bg4 22. Qd2 Kg7 23. Rxf8 Rxf8 24. Rf1 Bf5 25. Qe2 Qd7 26. b3 c6 27. Ng5 cxd5 28. Bxd5 Bxg5 29. hxg5 Qe7 30. e4 Bg4 31. Qe3 Rxf1+ 32. Kxf1 b6 33. Kg2 Bc8 34. c4 Qd7 35. Qf2 Qe7 36. Qd2 Bg4 37. Qf2 1/2-1/2

[Event "AUT-chT2W 1617"]
[Site "Austria"]
[Date "2016.10.30"]
[Round "3.2"]
[White "Mittelberger, Peter"]
[Black "Schmidlechner, Alexander"]
[Result "1/2-1/2"]
[WhiteElo "2143"]
[BlackElo "2201"]
[PlyCount "112"]
[EventDate "2016.10.28"]
[EventType "team-tourn"]
[EventRounds "11"]
[EventCountry "AUT"]
[SourceTitle "EXT 2017"]
[Source "ChessBase"]
[SourceDate "2016.10.25"]
[SourceVersion "1"]
[SourceVersionDate "2016.10.25"]
[SourceQuality "1"]
[WhiteTeam "Goetzis II"]
[BlackTeam "Dornbirn"]
[WhiteTeamCountry "AUT"]
[BlackTeamCountry "AUT"]

1. e4 c5 2. Nf3 Nc6 3. d4 cxd4 4. Nxd4 Nf6 5. Nc3 e5 6. Ndb5 d6 7. Bg5 a6 8. Na3 b5 9. Nd5 Be7 10. Bxf6 Bxf6 11. c4 b4 12. Nc2 a5 13. Be2 0-0 14. 0-0 Be6 15. b3 Bg5 16. Bg4 Rb8 17. Nde3 Bxe3 18. fxe3 Qe7 19. Bxe6 fxe6 20. Qg4 Nd8 21. Rxf8+ Kxf8 22. Qd1 Nb7 23. a3 Nc5 24. axb4 axb4 25. Nxb4 Rxb4 26. Ra8+ Kf7 27. Qh5+ Kf6 28. Ra1 g6 29. Qh6 Kf7 30. Qxh7+ Ke8 31. Ra8+ Kd7 32. Qg8 Kc6 33. Qc8+ Kb6 34. Qb8+ Nb7 35. Qa7+ Kc7 36. Qb8+ Kc6 37. Qa7 Qc7 38. Qa3 Rb6 39. Qa4+ Kc5 40. Qa3+ Kc6 41. Qa4+ Kc5 42. Qe8 Rc6 43. Qxe6 Kb6 44. Qxg6 d5 45. Qf5 dxc4 46. bxc4 Rxc4 47. h4 Qe7 48. Qf1 Qc5 49. Qf6+ Qd6 50. Rf8 Rxe4 51. Qf2 Qb4 52. Rf6+ Ka7 53. Qa2+ Kb8 54. Qg8+ Ka7 55. Qa2+ Kb8 56. Qg8+ Ka7 1/2-1/2

[Event "Bodensee-Cup"]
[Site "Bregenz"]
[Date "2016.04.22"]
[Round "1.6"]
[White "Schmidlechner, Alexander"]
[Black "Gaehwiler, Gabriel"]
[Result "0-1"]
[WhiteElo "2205"]
[BlackElo "2359"]
[PlyCount "96"]
[EventDate "2016.04.22"]
[EventType "team-tourn"]
[EventRounds "3"]
[EventCountry "AUT"]
[SourceTitle "EXT 2018"]
[Source "ChessBase"]
[SourceDate "2017.10.13"]
[SourceVersion "1"]
[SourceVersionDate "2017.10.13"]
[SourceQuality "1"]
[WhiteTeam "Vorarlberg"]
[BlackTeam "Switzerland"]
[WhiteTeamCountry "AUT"]
[BlackTeamCountry "SUI"]

1. d4 Nf6 2. c4 g6 3. Nc3 Bg7 4. e4 d6 5. Be2 0-0 6. Bg5 c5 7. d5 Qa5 8. Bd2 Qb6 9. Nf3 e6 10. 0-0 exd5 11. exd5 Re8 12. h3 Bf5 13. Nh4 Bd7 14. Bd3 Na6 15. a3 Qd8 16. Nf3 Nc7 17. Bf4 Qe7 18. a4 Na6 19. Qd2 Nb4 20. Bb1 Qf8 21. Re1 Nh5 22. Be3 f5 23. Qd1 Bh6 24. Bg5 Nf4 25. Rxe8 Rxe8 26. Qd2 Bxg5 27. Nxg5 Nh5 28. Bd3 Qf6 29. Nf3 Nxd3 30. Qxd3 Nf4 31. Qd2 g5 32. Re1 Rxe1+ 33. Qxe1 h6 34. Qe3 Ng6 35. Kf1 Kf7 36. Qe2 Nf4 37. Qe3 Ng6 38. Qe2 Nf4 39. Qe3 Qe7 40. Qxe7+ Kxe7 41. h4 gxh4 42. b3 Ng6 43. Ke2 f4 44. Ne4 Bg4 45. Kf1 h3 46. Nh2 hxg2+ 47. Kxg2 Bd1 48. Nd2 Ne5 0-1

[Event "AUT-chT2W 1516"]
[Site "Austria"]
[Date "2015.10.18"]
[Round "3.2"]
[White "Baldauf, Marco"]
[Black "Schmidlechner, Alexander"]
[Result "1/2-1/2"]
[WhiteElo "2420"]
[BlackElo "2217"]
[PlyCount "104"]
[EventDate "2015.10.16"]
[EventType "team-tourn"]
[EventRounds "11"]
[EventCountry "AUT"]
[SourceTitle "CBM 168 Extra"]
[Source "ChessBase"]
[SourceDate "2015.10.29"]
[SourceVersion "1"]
[SourceVersionDate "2015.10.29"]
[SourceQuality "1"]
[WhiteTeam "Hohenems II"]
[BlackTeam "Dornbirn"]
[WhiteTeamCountry "AUT"]
[BlackTeamCountry "AUT"]

1. e4 g6 2. d4 Bg7 3. Nf3 c6 4. h3 d5 5. Nbd2 Nf6 6. e5 Ne4 7. Bd3 Nxd2 8. Bxd2 c5 9. c3 Nc6 10. 0-0 0-0 11. Be3 cxd4 12. cxd4 Qb6 13. Qd2 Nb4 14. Bb1 Bd7 15. Bh6 Rac8 16. Re1 Rc7 17. Qf4 Nc2 18. Bxc2 Rxc2 19. Bxg7 Kxg7 20. Qh4 Qd8 21. e6 fxe6 22. Ng5 h6 23. Nxe6+ Bxe6 24. Rxe6 Rf6 25. Rae1 Rc7 26. Qg3 Kf7 27. Qe3 g5 28. h4 Qd7 29. Rxf6+ exf6 30. Qd3 Kg7 31. h5 Qf7 32. g4 f5 33. Qxf5 Qxf5 34. gxf5 Kf6 35. Re5 Rc2 36. Rxd5 Rxb2 37. a4 Ra2 38. a5 g4 39. Kg2 Kg5 40. Rb5 Kxh5 41. Rxb7 Rxa5 42. f6 Kg6 43. f7 Kg7 44. Rd7 h5 45. d5 a6 46. Kg3 Ra2 47. d6 Rd2 48. Kh4 Rd5 49. Ra7 Rxd6 50. Kxh5 Rf6 51. Kxg4 Rxf2 52. Rxa6 Rxf7 1/2-1/2

[Event "AUT-chT 1213"]
[Site "Austria"]
[Date "2013.03.21"]
[Round "8.5"]
[White "Boensch, Uwe"]
[Black "Schmidlechner, Alexander"]
[Result "1-0"]
[WhiteElo "2528"]
[BlackElo "2304"]
[PlyCount "79"]
[EventDate "2012.11.02"]
[EventType "team-tourn"]
[EventRounds "11"]
[EventCountry "AUT"]
[SourceTitle "EXT 2014"]
[Source "ChessBase"]
[SourceDate "2013.11.20"]
[SourceVersion "1"]
[SourceVersionDate "2013.11.20"]
[SourceQuality "1"]
[WhiteTeam "Jenbach"]
[BlackTeam "Absam"]
[WhiteTeamCountry "AUT"]
[BlackTeamCountry "AUT"]

1. d4 f5 2. g3 Nf6 3. Bg2 e6 4. Nf3 d5 5. 0-0 Bd6 6. b3 c6 7. Ba3 Bxa3 8. Nxa3 Qe7 9. Qc1 0-0 10. c4 Nbd7 11. Qb2 b6 12. Rac1 Bb7 13. Rfd1 Rae8 14. e3 Ne4 15. Ne1 Ndf6 16. Nd3 Nd7 17. b4 Rc8 18. f3 Nef6 19. c5 Ba6 20. Bf1 Bxd3 21. Bxd3 b5 22. Re1 Rcd8 23. Nc2 Rfe8 24. a4 a6 25. Ra1 g6 26. axb5 axb5 27. Ra7 Ra8 28. Rea1 Qf8 29. R7a6 Rxa6 30. Rxa6 Rc8 31. Qa1 Qd8 32. Be2 Nb8 33. Ra7 Nfd7 34. Ne1 Qg5 35. Nc2 Qd8 36. Rb7 Qe8 37. Qa7 Nf8 38. Re7 Qd8 39. Rg7+ Kh8 40. Qf7 1-0

[Event "AUT-chT 1213"]
[Site "Austria"]
[Date "2013.01.20"]
[Round "7.6"]
[White "Hebesberger, Thomas"]
[Black "Schmidlechner, Alexander"]
[Result "1-0"]
[WhiteElo "2331"]
[BlackElo "2304"]
[PlyCount "39"]
[EventDate "2012.11.02"]
[EventType "team-tourn"]
[EventRounds "11"]
[EventCountry "AUT"]
[SourceTitle "EXT 2014"]
[Source "ChessBase"]
[SourceDate "2013.11.20"]
[SourceVersion "1"]
[SourceVersionDate "2013.11.20"]
[SourceQuality "1"]
[WhiteTeam "St Veit"]
[BlackTeam "Absam"]
[WhiteTeamCountry "AUT"]
[BlackTeamCountry "AUT"]

1. c4 f5 2. g3 Nf6 3. Bg2 g6 4. Nc3 Bg7 5. d3 d6 6. e4 fxe4 7. dxe4 c5 8. e5 Ng4 9. exd6 exd6 10. Qe2+ Kf8 11. Nf3 Bxc3+ 12. bxc3 Qe7 13. Qxe7+ Kxe7 14. 0-0 Nc6 15. Re1+ Kd8 16. Bf4 Kc7 17. Rad1 Rd8 18. h3 Nge5 19. Nxe5 Nxe5 20. Rxe5 1-0